000 00833nam a22002057a 4500
999 _c1486
_d1486
003 AR-CdUCM
008 190227b ||||| |||| 00| 0 spa d
040 _aMUNICIPALIDAD PROVINCIAL DEL CUSCO
_cBIBLIOTECA MUNICIPAL DEL CUSCO
082 _a985.009 /
_bG66
100 _aGonzález Marín, Carlos Alberto
_95631
245 _aFrancisco de Paula González Vigil :
_bEl precursor, el justo, el maestro /
260 _aLima :
_bEscuela de Artes Gráficas del Politécnico Nacional Superior José Pardo,
_c1961.
300 _a335 páginas ;
_bIlustraciones, fotografías.
_c25 cm.
505 _aLos robles trasplantados -- El hombre y su época -- Breve historia del ayuntamiento de Tacna ...
650 _aBiografía.
_922
650 _aPerú.
_935
650 _aLiteratura.
_95632
942 _2ddc
_cLIBROS
945 _amvr
_d2019-02-27